| 000 | 01008nam a2200229Ia 4500 | ||
|---|---|---|---|
| 001 | 23249 | ||
| 003 | GE_BSU | ||
| 008 | 181216s||||||||xx |||||||||||||| ||und|| | ||
| 020 | _a9789941290442 | ||
| 040 | _cGE_BSU | ||
| 080 | _a27-29 | ||
| 245 | _aქრისტიანობა, რელიგიური მოძღვრებები და ფილოსოფიური სწავლებები | ||
| 245 | _cპროექტ.ავტ. და რედ. თ. მამაცაშვილი., შემდგ. ა. ჩხეიძე., მხატვ. ლ. სილაგაძე | ||
| 260 | _aთბილისი | ||
| 260 | _bპალიტრა L | ||
| 260 | _c2018 | ||
| 300 | _a209გვ. 20სმ. ილ. | ||
| 541 | _h4ლ. | ||
| 653 | _aრელიგია | ||
| 653 | _aქრისტიანობა, რელიგიური მოძღვრებები და ფილოსოფიური სწავლებები | ||
| 942 | _cBK | ||
| 999 |
_c56148 _d56148 |
||